FIFA 23 TOTW 17 - Statistics

General Stats
  • This quiz has been taken 5 times
  • The average score is 6 of 23
Answer Stats
rat pos club player % Correct
TOTW Starter 93 CM Manchester City Kevin De Bruyne
80%
TOTW Starter 87 CAM Borussia Dortmund Marco Reus
80%
TOTW Starter 88 RM Manchester United Bruno Fernandes
60%
TOTW Starter 88 ST Lazio Ciro Immobile
60%
TOTW Starter 87 CF Ajax Dušan Tadić
60%
TOTW Starter 84 RWB Tottenham Hotspur Emerson Royal
60%
TOTW Starter 86 CB RC Lens Facundo Medina
40%
TOTW Starter 87 GK OGC Nice Kasper Schmeichel
40%
TOTW Reserve 84 GK Juventus Mattia Perin
40%
TOTW Reserve 84 CB Napoli Amir Rrahmani
20%
TOTW Reserve 84 RM RB Leipzig Dominik Szoboszlai
20%
TOTW Starter 84 RB Glasgow Rangers James Tavernier
20%
TOTW Starter 85 LB Atlético Madrid Reinildo Mandava
20%
TOTW Reserve 81 ST 1. FC Heidenheim Tim Kleindienst
20%
TOTW Reserve 83 CM RCD Mallorca Dani Rodríguez
0%
TOTW Reserve 80 CAM AS Cittadella Giovanni Crociata
0%
TOTW Reserve 81 RW FC Midtjylland Gustav Isaksen
0%
TOTW Reserve 79 CM Paços de Ferreira Jordan Holsgrove
0%
TOTW Reserve 83 LM Alavés Luis Rioja
0%
TOTW Reserve 79 RM Ingolstadt 04 Tobias Bech
0%
TOTW Reserve 83 ST Millwall Tom Bradshaw
0%
TOTW Reserve 83 ST FC Zürich Tosin Aiyegun
0%
TOTW Starter 87 RM Girona FC Viktor Tsyhankov
0%
No matching quizzes found
Score Distribution
Percent of People with Each Score
Percentile by Number Answered
Your Score History
You have not taken this quiz